El proceso de desahucio por falta de pago

Bibliographic Details
Main Author: Besser Valenzuela, Günther
Format: eBook
Language:Spanish
Published: Madrid: Marcial Pons, 2014
Subjects:
Online Access:Acceso restringido

MARC

LEADER 00000nam a22000007a 4500
005 20180524124955.0
007 cr|||| ||||
008 180524r2014 es |||||s|||| 00||0 spa d
020 |a 978-84-91234-15-9 
035 |a 21737 
040 |a vLex 
090 |c 7997  |d 7997 
100 1 |a Besser Valenzuela, Günther 
245 1 2 |a El proceso de desahucio por falta de pago  |h [Recurso electrn̤ico] /  |c Günther Besser Valenzuela 
256 |a Servicio en ln̕ea 
260 |a Madrid:  |b Marcial Pons,  |c 2014 
300 |a 1 recurso electrn̤ico 
506 1 |a Disponible solo en los productos indicados  |d vLex Global  |d vLex Global (Academic Edition, excluding Law Schools)  |d vLex Global (U.S. Academic Edition, Law Schools)  |d vLex Global (U.S. Academic Edition, excluding Law Schools)  |d vLex Global (Academic Edition, Law Schools) 
650 0 4 |a Derecho Civil  |z Espaą 
740 0 |a vLex Libros (Servicio en ln̕ea) 
856 4 0 |u http://vlex.com/source/proceso-desahucio-falta-pago-21737  |z Acceso restringido 
942 |c BOOK 
999 0 |a Civil Law